| 000 | 01019nam a2200253 a 4500 | ||
|---|---|---|---|
| 005 | 20240920063927.0 | ||
| 008 | 040204s2001 mx r 000 0 spa d | ||
| 020 | _a9702301122 | ||
| 035 | _aUPN01000131703 | ||
| 049 | _aCE | ||
| 050 | 4 |
_aLC5219 E3 _bL5.6a |
|
| 100 | 1 |
_aLimón Segovia, Araceli _929019 |
|
| 245 | 1 | 4 |
_aLos números / _cAraceli Limón Segovia, Ma. Eurgenia Ramírez Rojano, Ana Luisa Campa Díaz de León. |
| 260 |
_aMéxico : _bINEA, _c2001. |
||
| 300 |
_a1 paquete (6 piezas) _bil. col. |
||
| 440 | 0 |
_aEducación para la vida. _pMatemáticas |
|
| 505 | 8 |
_aContenido: _tLibro del adulto 1 -- _tLibro del adulto 2 -- _tLibro del adulto 3 -- _tFichas del adulto -- _tFichas y guía del asesor -- _tPliegos 1,2 y 3 |
|
| 650 | 4 |
_aConcepto de número _93973 |
|
| 650 | 4 |
_aMatemáticas _vProblemas, ejercicios, etc. _93580 |
|
| 650 | 4 |
_aEducación de adultos _9956 |
|
| 700 | 1 |
_aRamírez Rojano, María Eugenia, _ecoaut. _929910 |
|
| 700 | 1 |
_aCampa Díaz de León, Ana Luisa _ecoaut. _928631 |
|
| 905 | _aLibro | ||
| 999 |
_c103858 _d103858 |
||